| 000 | 00536nam a2200181Ia 4500 | ||
|---|---|---|---|
| 005 | 20250326141531.0 | ||
| 008 | 250326s9999 xx 000 0 und d | ||
| 037 | _aTextbook | ||
| 040 |
_aFMSL _beng _cFMSL |
||
| 041 |
_aeng _2eng |
||
| 084 | _qFMSL | ||
| 100 |
_aSwanson R A _9744661 |
||
| 245 | 0 |
_aForecasting ficial benefits of human resource development. _cSwanson R A; Gradous B B |
|
| 260 |
_aSan- Francisco _bSan- Francisco, Jossey-bass publication. _c1988 |
||
| 300 | _a205p | ||
| 942 | _cTB | ||
| 999 |
_c1290756 _d1290756 |
||